000 00808nam a22002057a 4500
005 20240524121753.0
010 _aHIN-127702
020 _c200.00
_a9789391532093
035 _aHN-100048
037 _bDBAD
082 _a821
245 _aज़िन्दगी का सफ़र/
_cसुशील भारती द्वारा संकलित
250 _aप्रथम
260 _aनई दिल्ली
_bराही पब्लिकेशन
_c2023
270 _a158, आली, सरिता विहार,
_bनई दिल्ली
_e110076
_k9811272854
300 _a80पृ.
_c21सेमी (अजिल्द)
700 _961637
_aभारती, सुशील
700 _a
_961638
942 _2ddc
_cHN
_h821
_mज़िन्दगी
999 _c203219
_d203219